| 000 | 00713nam a2200181Ia 4500 | ||
|---|---|---|---|
| 008 | 090123s9999 xx 000 0 und d | ||
| 082 | _b36757 | ||
| 100 | _aऔरंगाबादकर अनुराधा | ||
| 245 | _aवांग्याचे विविध 150प्रकार | ||
| 250 | _a1 | ||
| 260 |
_bइंद्रायणी साहित्य _c2004 |
||
| 300 | _a88 | ||
| 600 | _aऔरंगाबादकर अनुराधा | ||
| 630 | _aवांग्याचे विविध 150प्रकार | ||
| 700 | _aऔरंगाबादकर अनुराधा | ||
| 730 | _aवांग्याचे विविध 150प्रकार | ||
| 942 | _cBOOK | ||
| 999 |
_c74825 _d74825 |
||